Analýza efektov riadenej depreciácie na mikroekonomickej a makroekonomickej úrovni diplomová práca

Salvato in:
Dettagli Bibliografici
Autore principale: Chudý, Tomáš
Ente Autore: Národohospodárska fakulta EU. Katedra bankovníctva a medzinárodných financií
Altri autori: Širaňová, Mária
Natura: Libro
Lingua:slovacco
Pubblicazione: Bratislava 2019
Tags: Aggiungi Tag
Nessun Tag, puoi essere il primo ad aggiungerne!!

MARC

LEADER 00000nbm a2200000 4500
001 0254875
005 20190814142944.9
041 0 |a slo 
044 |a SK 
245 1 0 |a Analýza efektov riadenej depreciácie na mikroekonomickej a makroekonomickej úrovni  |b diplomová práca  |c Tomáš Chudý ; školiteľ: Mária Širaňová 
264 1 |a Bratislava  |c 2019 
300 |a 70 s. 
100 1 |a Chudý, Tomáš 
700 1 |a Širaňová, Mária 
710 2 |a Národohospodárska fakulta EU. Katedra bankovníctva a medzinárodných financií